[Event "It \"]
[Site "masterchessopen.com - Bastia (France)"]
[Date "2011.10.29"]
[Round "3"]
[White "Sasikiran Krishnan (IND)"]
[Black "Anand Viswanathan (IND)"]
[Result "0-1"]
[WhiteElo "2689"]
[BlackElo "2817"]

1.d4 Nf6 2.c4 e6 3.g3 c5 4.d5 exd5 5.cxd5 d6 6.Nc3 g6 7.Bg2 Bg7 8.Nf3 O-O
9.O-O a6 10.a4 Re8 11.Nd2 Nbd7 12.h3 Rb8 13.Nc4 Ne5 14.Na3 Nh5 15.e4 Bd7 16.a5
Qxa5 17.g4 Nf6 18.f4 Nexg4 19.hxg4 Nxg4 20.f5 h5 21.Bg5 Qb4 22.f6 Bh8 23.Qd2
Qd4+ 24.Qxd4 cxd4 25.Ne2 Re5 26.Bh4 Ne3 27.Nxd4 Nxg2 28.Kxg2 Rxe4 29.Nf3 Bf5
30.Rac1 Rbe8 31.Nc4 Rg4+ 32.Kf2 Bd3 33.Ne3 Bxf1 34.Nxg4 hxg4 35.Kxf1 gxf3
36.Rc7 Re5 37.Rc8+ Kh7 38.Rf8 g5 39.Rxf7+ Kg6 40.Rf8 Bxf6 41.Bg3 {#R} 0-1

[Event "Ch Denmark (team) 2011/12"]
[Site "masterchessopen.com - Denmark"]
[Date "2011.10.29"]
[Round "1"]
[White "Andersen Mads (DEN)"]
[Black "Pilgaard Kim (DEN)"]
[Result "1-0"]
[WhiteElo "2398"]
[BlackElo "2424"]

1.d4 Nf6 2.c4 e6 3.g3 c5 4.d5 exd5 5.cxd5 d6 6.Nc3 g6 7.Bg2 Bg7 8.Nf3 O-O
9.O-O a6 10.a4 Nbd7 11.Nd2 Re8 12.h3 Nh5 13.Nce4 Ne5 14.f4 f5 15.fxe5 fxe4
16.e6 Nxg3 17.Nxe4 Nxf1 18.Bg5 Ne3 19.Bxe3 Qb6 20.Rb1 a5 21.Bf4 Bd4+ 22.e3 Rf8
23.e7 {#r} 1-0

[Event "Cup Latin (open)"]
[Site "masterchessopen.com - Montevideo (Uruguay)"]
[Date "2011.11.02"]
[Round "3"]
[White "Barrionuevo Pablo (ARG)"]
[Black "Fier Alexander Hilario Takeda (BRA)"]
[Result "0-1"]
[WhiteElo "2312"]
[BlackElo "2583"]

1.d4 Nf6 2.c4 e6 3.g3 c5 4.d5 exd5 5.cxd5 d6 6.Nc3 g6 7.Bg2 Bg7 8.Nf3 O-O
9.O-O Re8 10.Nd2 a6 11.a4 Nbd7 12.Nc4 Ne5 13.Na3 Rb8 14.h3 Nh5 15.Bd2 Bd7
16.Ne4 Bf5 17.Ng5 h6 18.g4 hxg5 19.gxf5 gxf5 20.e4 g4 21.exf5 Qh4 22.Qb3 c4
{#R} 0-1

[Event "It (open)"]
[Site "masterchessopen.com - Panama"]
[Date "2011.11.06"]
[Round "8"]
[White "Cu Hor Winston (GUA)"]
[Black "Alvarez Johan (VEN)"]
[Result "0-1"]
[WhiteElo "2106"]
[BlackElo "2398"]

1.d4 Nf6 2.Nf3 g6 3.c4 Bg7 4.Nc3 c5 5.d5 d6 6.g3 e6 7.Bg2 exd5 8.cxd5 O-O
9.O-O Re8 10.Nd2 a6 11.a4 Nbd7 12.Nc4 Ne5 13.Nxe5 Rxe5 14.h3 Rb8 15.a5 b5
16.axb6 Rxb6 17.Bf4 Re8 18.Na4 Rb8 19.Bg5 Bd7 20.Re1 Qc8 21.Bf4 Bf8 22.Kh2 Ne4
23.Rf1 f5 24.Bf3 Rb4 25.Ra3 Qb7 26.Qa1 Bb5 27.Kg1 Bc4 28.Nc3 Rxb2 29.Nxe4 fxe4
30.Bg4 Bxe2 31.Bxe2 Rxe2 32.Rb1 Qxd5 33.Rd1 Qf5 34.Rf1 Rc8 35.Kg2 d5 36.Rxa6
d4 37.Qa4 Rb2 38.Ra7 {#R} 0-1

[Event "Oberliga East B 2011/12"]
[Site "masterchessopen.com - Germany"]
[Date "2011.12.11"]
[Round "5"]
[White "Koch Markus (GER)"]
[Black "Rasch Holger (GER)"]
[Result "1-0"]
[WhiteElo "2104"]
[BlackElo "2285"]

1.d4 Nf6 2.c4 c5 3.d5 e6 4.Nc3 exd5 5.cxd5 d6 6.g3 g6 7.Bg2 Bg7 8.Nf3 O-O
9.O-O a6 10.a4 Nbd7 11.Nd2 Re8 12.h3 Rb8 13.Nc4 Ne5 14.Na3 Nh5 15.e4 f5
16.exf5 Bxf5 17.g4 Bxg4 18.hxg4 Qh4 19.gxh5 Rf8 20.h6 Bh8 21.Nc4 Ng4 22.Qxg4
Qxg4 23.Ne4 b6 24.Ra3 Qe2 25.Ncxd6 Bd4 26.Bg5 Qxb2 27.Rd3 Qe2 28.Rxd4 cxd4
29.Bh3 Qf3 30.Be6+ Kh8 31.Rc1 Rf4 32.Rc7 Rg4+ 33.Bxg4 Qxg4+ 34.Kh2 Rf8 35.Nf7+
Rxf7 36.Rxf7 Qh5+ 37.Kg3 {#r} 1-0

[Event "Ch Europe (active)"]
[Site "masterchessopen.com - Warsaw (Poland)"]
[Date "2011.12.17"]
[Round "3"]
[White "Valgmae Toomas (EST)"]
[Black "Olszewski Michal (POL)"]
[Result "0-1"]
[WhiteElo "2208"]
[BlackElo "2539"]

1.d4 Nf6 2.c4 e6 3.Nf3 c5 4.d5 exd5 5.cxd5 d6 6.Nc3 g6 7.g3 Bg7 8.Bg2 O-O
9.O-O Re8 10.Nd2 a6 11.a4 Nbd7 12.Nc4 Ne5 13.Na3 Nh5 14.h3 f5 15.f4 Nf7 16.Kh2
Nf6 17.Re1 b5 18.axb5 axb5 19.Ncxb5 Ne4 20.Bxe4 fxe4 21.e3 h5 22.Kg2 Qd7
23.Rh1 Ba6 24.Nc3 Bd3 25.Bd2 Reb8 26.Ra2 Nh6 27.Qe1 Nf5 28.g4 hxg4 29.hxg4 Nh6
30.Rh4 g5 31.fxg5 Nf7 32.g6 Ne5 33.Qg3 Rf8 34.Rh7 Rf3 35.Qh4 Raf8 36.Be1 Bf1+
37.Kg1 Rh3 38.Qg5 Nf3+ {#R} 0-1

[Event "It (open)"]
[Site "masterchessopen.com - Krakow (Poland)"]
[Date "2011.12.27"]
[Round "1"]
[White "Baryshpolets Andrey (UKR)"]
[Black "Pejko Otomar (SVK)"]
[Result "1-0"]
[WhiteElo "2477"]
[BlackElo "2189"]

1.d4 Nf6 2.c4 c5 3.d5 g6 4.Nc3 Bg7 5.Nf3 O-O 6.g3 d6 7.Bg2 e6 8.O-O exd5
9.cxd5 a6 10.a4 Nbd7 11.Nd2 Re8 12.h3 Rb8 13.Nc4 Ne5 14.Na3 Nh5 15.e4 Rf8
16.Kh2 f5 17.f4 fxe4 18.Nxe4 Nf7 19.Nc4 Nf6 20.Nf2 Bd7 21.Bd2 b5 22.axb5 Bxb5
23.b3 Re8 24.Ra2 Qc8 25.g4 Re7 26.g5 Ne8 27.Ne4 Reb7 28.h4 Bd7 29.Na5 Rb5
30.Bc3 Bxc3 31.Nxc3 Rb4 32.Nc6 Bxc6 33.dxc6 Nc7 34.Rd2 Rxb3 35.Ne4 Ne8 36.Ng3
R8b4 37.Bd5 Re3 38.h5 Ng7 39.hxg6 hxg6 40.f5 Rxg3 41.Bxf7+ Kxf7 42.Kxg3 Nh5+
43.Kh2 Rh4+ 44.Kg1 Qxc6 45.fxg6+ Kg8 46.Qb3+ {#r} 1-0

[Event "Ch Germany (juniors) (club) (under 20)"]
[Site "masterchessopen.com - Osnabrueck (Germany)"]
[Date "2011.12.27"]
[Round "2"]
[White "Hinrichs Jan (GER)"]
[Black "Wittig Till (GER)"]
[Result "1-0"]
[WhiteElo "2010"]
[BlackElo "1794"]

1.d4 Nf6 2.Nf3 g6 3.c4 Bg7 4.g3 d6 5.Bg2 O-O 6.Nc3 c5 7.d5 e6 8.O-O exd5
9.cxd5 a6 10.a4 Re8 11.Nd2 Nbd7 12.e4 Rb8 13.Nc4 Ne5 14.Na3 Qc7 15.f4 Ned7
16.Kh1 c4 17.Qe2 Nb6 18.Be3 Bg4 19.Qf2 Nxa4 20.Nxa4 b5 21.Rac1 bxa4 22.Nxc4
Qe7 23.e5 dxe5 24.Bc5 Qd7 25.Bd6 Rb7 26.fxe5 Nxd5 27.Bxd5 Bxe5 28.Nxe5 Rxe5
29.Qxf7+ {#r} 1-0

[Event "It (open)"]
[Site "masterchessopen.com - Hastings (England)"]
[Date "2012.01.02"]
[Round "6"]
[White "Anwesh Upadhyaya (IND)"]
[Black "Bremner Adam (SCO)"]
[Result "1-0"]
[WhiteElo "2413"]
[BlackElo "2195"]

1.d4 Nf6 2.c4 e6 3.g3 c5 4.d5 exd5 5.cxd5 d6 6.Nc3 g6 7.Nf3 Bg7 8.Bg2 O-O
9.O-O a6 10.a4 Re8 11.Nd2 Nbd7 12.h3 Nh5 13.e4 Ne5 14.Kh2 f5 15.f4 Nd3 16.exf5
Ndxf4 17.gxf4 Nxf4 18.Rxf4 Be5 19.Nc4 Bxf4+ 20.Bxf4 Bxf5 21.Nxd6 Rf8 22.Nxf5
Rxf5 23.Bg3 h5 24.h4 Qb6 25.Qe2 Raf8 26.Qe6+ Qxe6 27.dxe6 {#r} 1-0

[Event "Ch Israel (team) 2011/12"]
[Site "masterchessopen.com - Israel"]
[Date "2012.01.06"]
[Round "5"]
[White "Porat Shi (ISR)"]
[Black "Rechlis Gad (ISR)"]
[Result "1-0"]
[WhiteElo "2490"]
[BlackElo "2467"]

1.d4 Nf6 2.c4 e6 3.g3 c5 4.d5 exd5 5.cxd5 d6 6.Nc3 g6 7.Bg2 Bg7 8.Nf3 O-O
9.O-O Re8 10.Nd2 a6 11.a4 Nbd7 12.h3 Rb8 13.Nc4 Ne5 14.Nxe5 Rxe5 15.Qd3 Re8
16.g4 h5 17.g5 Nd7 18.Qg3 Ne5 19.Ne4 Bf5 20.Nf6+ Bxf6 21.gxf6 Nd7 22.Re1 Be4
23.Bg5 Bxg2 24.Kxg2 Qb6 25.e4 Rbd8 26.Re2 c4 27.Be3 Qc7 28.Bd4 Rc8 29.Qf4 Kh7
30.Be3 Kg8 31.Qh6 Nxf6 32.Bd4 Qd8 33.Ra3 c3 34.Rxc3 Rxc3 35.bxc3 b5 36.axb5
axb5 37.Re3 Re5 38.f4 Qe7 39.fxe5 dxe5 40.Bb6 b4 41.c4 Nd7 42.c5 Qh4 43.Re2 g5
44.Bd8 {#r} 1-0

[Event "Extraliga 2011/12"]
[Site "masterchessopen.com - Czech Republic"]
[Date "2012.01.08"]
[Round "6"]
[White "Tazbir Marcin (POL)"]
[Black "Mista Aleksander (POL)"]
[Result "0-1"]
[WhiteElo "2513"]
[BlackElo "2587"]

1.d4 Nf6 2.c4 g6 3.g3 c5 4.d5 Bg7 5.Nc3 O-O 6.Bg2 d6 7.Nf3 e6 8.O-O exd5
9.cxd5 a6 10.a4 Re8 11.Nd2 Nbd7 12.h3 Rb8 13.Nc4 Ne5 14.Na3 Nh5 15.e4 f5
16.exf5 Bxf5 17.f4 Nd3 18.g4 Bd4+ 19.Kh2 Qh4 20.gxh5 Nf2 21.Qf3 Ng4+ 22.Kh1
Ne3 23.Bd2 Nxg2 24.Qxg2 Qxh5 25.Qf3 Qh4 26.Be1 Rxe1 27.Rfxe1 Bxh3 {#R} 0-1

[Event "It (open)"]
[Site "masterchessopen.com - Prague (Czech Republic)"]
[Date "2012.01.13"]
[Round "1"]
[White "Lapertosa Julio (BRA)"]
[Black "Fier Alexander Hilario Takeda (BRA)"]
[Result "0-1"]
[WhiteElo "2121"]
[BlackElo "2603"]

1.d4 Nf6 2.c4 c5 3.d5 e6 4.Nc3 exd5 5.cxd5 d6 6.g3 g6 7.Bg2 Bg7 8.Nf3 O-O
9.O-O Re8 10.Nd2 a6 11.a4 Nbd7 12.Nc4 Nb6 13.Qb3 Nxc4 14.Qxc4 b5 15.Qd3 b4
16.Ne4 Nxe4 17.Bxe4 Qe7 18.Bf3 Bf5 19.Qc4 Be4 20.Qb3 Bxf3 21.exf3 Qf6 22.Rb1
Re2 23.Qd3 Rae8 24.Qxa6 Qxf3 25.Bf4 Bd4 {#R} 0-1

[Event "It (open)"]
[Site "masterchessopen.com - Prague (Czech Republic)"]
[Date "2012.01.17"]
[Round "5"]
[White "Bernadskiy Vitaliy (UKR)"]
[Black "Aroshidze Levan (GEO)"]
[Result "0-1"]
[WhiteElo "2462"]
[BlackElo "2581"]

1.d4 Nf6 2.c4 e6 3.g3 c5 4.d5 exd5 5.cxd5 d6 6.Nc3 g6 7.Bg2 Bg7 8.Nf3 O-O
9.O-O Re8 10.Nd2 a6 11.a4 Nbd7 12.h3 Rb8 13.Nc4 Ne5 14.Na3 Nh5 15.e4 Bd7 16.a5
Qxa5 17.g4 Nf6 18.f4 Nexg4 19.hxg4 Bxg4 20.Qd3 Qc7 21.Nc4 b5 22.Na5 c4 23.Qc2
Qc5+ 24.Kh2 b4 25.Nb1 Rbc8 26.Nd2 Bd7 27.Ndxc4 Bb5 28.b3 Ng4+ 29.Kg3 Bxa1
30.Kxg4 Bd7+ 31.f5 Qxa5 32.Qb1 Rxc4 33.bxc4 Be5 34.Qd3 Qa2 35.Bd2 b3 36.Kg5 b2
37.fxg6 hxg6 38.Bc3 b1=Q {#R} 0-1

[Event "It (open)"]
[Site "masterchessopen.com - Bunratty (Ireland)"]
[Date "2012.02.18"]
[Round "5"]
[White "Berry Neil (SCO)"]
[Black "Quinn Mark (IRL)"]
[Result "0-1"]
[WhiteElo "2308"]
[BlackElo "2398"]

1.d4 Nf6 2.c4 c5 3.d5 e6 4.Nc3 exd5 5.cxd5 d6 6.g3 g6 7.Bg2 Bg7 8.Nf3 O-O
9.O-O Re8 10.Nd2 a6 11.a4 Nbd7 12.h3 Rb8 13.Nc4 Nb6 14.Na3 Bd7 15.e4 Nxa4
16.Nxa4 b5 17.Nxc5 dxc5 18.Re1 b4 19.Nc2 b3 20.Na3 Rb4 21.e5 Nh5 22.e6 Ba4
23.exf7+ Kxf7 24.Rxe8 Qxe8 25.d6 Bd4 26.Bd2 Bxb2 27.Bxb4 cxb4 28.Nc4 Bxa1
29.Bd5+ Kg7 30.Qxa1+ Nf6 31.g4 b2 32.Qxb2 Qe1+ 33.Kg2 Qc3 34.Bf3 Bb3 35.g5 Nd7
36.Qxc3+ bxc3 37.Ne3 c2 38.Nxc2 Bxc2 39.Bc6 Bf5 40.h4 Kf7 41.Kg3 Ke6 42.Kf4
Kxd6 {#R} 0-1

[Event "Ch Kazakhstan (1/2 final)"]
[Site "masterchessopen.com - Pavlodar (Kazakhstan)"]
[Date "2012.02.21"]
[Round "1"]
[White "Temirov Bakhyt (KAZ)"]
[Black "Bekentayev Uran (KAZ)"]
[Result "1-0"]
[WhiteElo "2322"]
[BlackElo "1824"]

1.d4 Nf6 2.Nf3 c5 3.d5 e6 4.c4 exd5 5.cxd5 d6 6.Nc3 g6 7.g3 Bg7 8.Bg2 O-O
9.O-O a6 10.a4 Re8 11.Nd2 Nbd7 12.e4 Rb8 13.Qe2 Qe7 14.a5 b5 15.axb6 Nxb6
16.Qd3 Qc7 17.h3 c4 18.Qc2 Nfd7 19.Na4 Kf8 20.Nxb6 Nxb6 21.Ra3 Bd7 22.Nf3 Bb5
23.Bf4 Nd7 24.Rc1 Kg8 25.Nd2 Rec8 26.Bf1 Ne5 {#r} 1-0

[Event "Ch PriFO (open)"]
[Site "masterchessopen.com - Kazan (Russia)"]
[Date "2012.03.02"]
[Round "5"]
[White "Timofeeva Ekaterina (RUS)"]
[Black "Glukhov Alexandr (RUS)"]
[Result "0-1"]
[WhiteElo "2277"]
[BlackElo "2072"]

1.Nf3 g6 2.g3 Bg7 3.d4 c5 4.d5 d6 5.c4 Nf6 6.Nc3 O-O 7.Bg2 e6 8.O-O exd5
9.cxd5 a6 10.a4 Re8 11.Nd2 Nbd7 12.e4 Qc7 13.f4 Rb8 14.a5 b5 15.axb6 Rxb6
16.h3 Rb4 17.Qf3 Bb7 18.g4 h6 19.Ra3 a5 20.Rd1 Qb6 21.Kh1 Ba6 22.Re1 g5
23.fxg5 hxg5 24.Qe3 Nh7 25.Nf1 Ne5 26.Na4 Qb5 27.Nc3 Qb6 28.Na2 Nc4 29.Qf3
Nxa3 30.bxa3 Rb1 31.Ng3 Qb3 32.Qxb3 Rxb3 33.Nf5 Be5 34.h4 gxh4 35.a4 f6 36.Be3
Ng5 {#R} 0-1

[Event "It (open) \"]
[Site "masterchessopen.com - Caxias do Sul (Brazil)"]
[Date "2012.03.03"]
[Round "5"]
[White "Burgos Marcelo Alves (BRA)"]
[Black "Cubas Jose Fernando (PAR)"]
[Result "0-1"]
[WhiteElo "2193"]
[BlackElo "2532"]

1.d4 Nf6 2.c4 e6 3.Nf3 c5 4.d5 exd5 5.cxd5 g6 6.Nc3 d6 7.g3 Bg7 8.Bg2 O-O
9.O-O a6 10.a4 Re8 11.Nd2 Nbd7 12.Nc4 Ne5 13.Nxe5 Rxe5 14.Bf4 Re8 15.h3 Rb8
16.Qd3 Nh5 17.Bd2 f5 18.Rfe1 Bd7 19.a5 b5 20.axb6 Rxb6 21.Reb1 Qc7 22.Na4 c4
23.Qc2 Rb7 24.Bc3 Bxa4 25.Rxa4 Bxc3 26.Qxc3 Rxe2 27.Qxc4 Qe7 28.Rxa6 f4
29.Ra8+ Kg7 30.g4 Rxf2 {#R} 0-1

[Event "Extraliga 2011/12"]
[Site "masterchessopen.com - Czech Republic"]
[Date "2012.03.03"]
[Round "7"]
[White "Michenka Jozef (CZE)"]
[Black "Vesselovsky Serguei (CZE)"]
[Result "0-1"]
[WhiteElo "2353"]
[BlackElo "2364"]

1.d4 Nf6 2.c4 e6 3.g3 c5 4.d5 exd5 5.cxd5 d6 6.Nc3 g6 7.Bg2 Bg7 8.Nf3 O-O
9.O-O Re8 10.Nd2 a6 11.a4 Nbd7 12.h3 Rb8 13.a5 b5 14.axb6 Nxb6 15.e4 c4 16.f4
Nfd7 17.Na4 Nxa4 18.Rxa4 Nc5 19.Ra3 a5 20.Nxc4 Ba6 21.Qc2 Nxe4 22.Bxe4 Bxc4
23.Qxc4 Rb4 24.Qa6 Rbxe4 25.Qxa5 Bd4+ 26.Kh1 Qxa5 27.Rxa5 Re1 28.Kg2 R8e2+
29.Kf3 Rxf1+ 30.Kxe2 Rxc1 {#R} 0-1

[Event "It (open)"]
[Site "masterchessopen.com - Reykjavik (Iceland)"]
[Date "2012.03.10"]
[Round "5"]
[White "Antonsson Atli (ISL)"]
[Black "Scholzen Wolfgang (GER)"]
[Result "0-1"]
[WhiteElo "1849"]
[BlackElo "2127"]

1.d4 Nf6 2.c4 c5 3.d5 e6 4.Nc3 exd5 5.cxd5 d6 6.g3 g6 7.Bg2 Bg7 8.Nf3 O-O
9.O-O a6 10.a4 Re8 11.Nd2 Nbd7 12.Nc4 Nb6 13.Na3 Qc7 14.h3 Bd7 15.Bd2 Rab8
16.a5 Nc8 17.Nc4 Bb5 18.Na3 Na7 19.Re1 b6 20.axb6 Qxb6 21.e4 Nd7 22.Nc2 Ne5
23.Nxb5 axb5 24.Ba5 Qb7 25.Na3 c4 26.Bc3 Nc8 27.f4 Nd3 28.Bxg7 Kxg7 29.Rf1
Qb6+ {#R} 0-1

[Event "It (sheveningen)"]
[Site "masterchessopen.com - Richardson (USA)"]
[Date "2012.03.11"]
[Round "3"]
[White "Panchanathan Magesh Chandran (IND)"]
[Black "Chirila Ioan Cristian (ROM)"]
[Result "0-1"]
[WhiteElo "2573"]
[BlackElo "2529"]

1.d4 Nf6 2.c4 c5 3.d5 e6 4.Nc3 exd5 5.cxd5 d6 6.Nf3 g6 7.g3 Bg7 8.Bg2 O-O
9.O-O a6 10.a4 Re8 11.Nd2 Nbd7 12.h3 Nh5 13.Qc2 f5 14.Nc4 Ne5 15.b3 f4 16.g4
Bxg4 17.hxg4 Nxg4 18.Nd2 Ng3 19.Nde4 Qh4 {#R} 0-1

[Event "It (open)"]
[Site "masterchessopen.com - Zagreb (Croatia)"]
[Date "2012.03.12"]
[Round "9"]
[White "Valsecchi Alessio (ITA)"]
[Black "Saric Ante (CRO)"]
[Result "1-0"]
[WhiteElo "2411"]
[BlackElo "2528"]

1.d4 Nf6 2.c4 e6 3.g3 c5 4.d5 exd5 5.cxd5 d6 6.Nc3 g6 7.Bg2 Bg7 8.Nf3 O-O
9.O-O Re8 10.Nd2 a6 11.a4 Nbd7 12.h3 Rb8 13.Nc4 Ne5 14.Na3 Nh5 15.e4 Bd7 16.a5
Qxa5 17.g4 Nf6 18.g5 Nh5 19.f4 b5 20.fxe5 Bxe5 21.Qf3 Rf8 22.Nc2 Qb6 23.Ne2 f6
24.gxf6 Rxf6 25.Qe3 Rxf1+ 26.Bxf1 Rf8 27.b4 Bxa1 28.Nxa1 Qd8 29.Nc2 Qf6 30.Bg2
cxb4 31.Nxb4 a5 32.Nd3 g5 33.e5 dxe5 34.Nxe5 Bf5 35.Bb2 g4 36.hxg4 Bxg4 37.d6
Ng7 38.Nxg4 Qxb2 39.Qe7 Qb1+ 40.Kh2 h5 41.Bd5+ {#r} 1-0

[Event "Ch Europe"]
[Site "masterchessopen.com - Plovdiv (Bulgaria)"]
[Date "2012.03.23"]
[Round "4"]
[White "Yakimenko Alexander A (RUS)"]
[Black "Poetsch Hagen (GER)"]
[Result "0-1"]
[WhiteElo "2258"]
[BlackElo "2408"]

1.d4 Nf6 2.c4 e6 3.Nc3 c5 4.d5 exd5 5.cxd5 d6 6.Nf3 g6 7.g3 Bg7 8.Bg2 O-O
9.O-O Re8 10.Nd2 a6 11.a4 Nbd7 12.h3 Rb8 13.Nc4 Ne5 14.Na3 Nh5 15.Kh2 f5 16.f4
Nf7 17.Nc4 b6 18.Qc2 Bd7 19.a5 b5 20.Nb6 Nf6 21.Re1 b4 22.Nxd7 Qxd7 23.Nd1 Ne4
24.Ne3 Bd4 25.Bxe4 Rxe4 26.Nc4 b3 27.Qd3 Qb5 28.Kg2 Bg7 29.Ne3 c4 30.Qd1 Rbe8
31.Rb1 Rd4 32.Bd2 Rxe3 33.Bxe3 Qxd5+ 34.Kf2 Rxd1 35.Rexd1 Qe4 36.Bb6 d5 37.Bc5
g5 38.e3 Qc2+ 39.Kf3 h5 40.g4 fxg4+ 41.hxg4 hxg4+ 42.Kg3 Nh6 43.Rh1 Qe2 {#R}
0-1

[Event "Ch UrFO (open)"]
[Site "masterchessopen.com - Satka (Russia)"]
[Date "2012.03.25"]
[Round "2"]
[White "Yuffa Daniil (RUS)"]
[Black "Chekletsov Ilya (RUS)"]
[Result "1-0"]
[WhiteElo "2323"]
[BlackElo "1896"]

1.d4 Nf6 2.Nf3 c5 3.d5 d6 4.c4 g6 5.Nc3 Bg7 6.g3 O-O 7.Bg2 e6 8.O-O exd5
9.cxd5 a6 10.a4 Re8 11.Nd2 Nbd7 12.Nc4 Ne5 13.Na3 Qc7 14.h3 c4 15.Be3 Bf5
16.Bd4 Rad8 17.f4 Ned7 18.g4 Be4 19.Nxe4 Nxe4 20.Bxg7 Ng3 21.Bd4 Nxf1 22.Qxf1
Nc5 23.Rc1 b5 24.axb5 axb5 25.Nxb5 Qb8 26.Bxc5 dxc5 27.Na3 Qxb2 28.Nxc4 Qb3
29.e4 Ra8 30.Qf3 Qa2 31.e5 Rab8 32.e6 fxe6 33.dxe6 Rb1 34.Rxb1 Qxb1+ 35.Kh2
Qc1 36.Qe4 Re7 37.f5 gxf5 38.gxf5 Qc3 39.Ne5 h5 40.f6 {#r} 1-0

[Event "It (open)"]
[Site "masterchessopen.com - Lugano (Switzerland)"]
[Date "2012.04.06"]
[Round "1"]
[White "Cocconcelli Lorenzo (ITA)"]
[Black "Sipos Istvan (HUN)"]
[Result "0-1"]
[WhiteElo "1964"]
[BlackElo "2447"]

1.d4 Nf6 2.c4 c5 3.d5 e6 4.Nc3 exd5 5.cxd5 d6 6.Nf3 g6 7.g3 Bg7 8.Bg2 O-O
9.O-O Re8 10.Nd2 a6 11.a4 Nbd7 12.h3 Nh5 13.Nc4 Ne5 14.Na3 f5 15.Kh2 f4 16.Bf3
Qg5 17.Ne4 Nxf3+ 18.exf3 Rxe4 19.fxe4 Nxg3 20.Nc2 Nxf1+ 21.Qxf1 Be5 22.Kh1 Qh5
{#R} 0-1

[Event "Cup Doeberl"]
[Site "masterchessopen.com - Canberra (Australia)"]
[Date "2012.04.07"]
[Round "6"]
[White "Wright Neil (AUS)"]
[Black "Matheson Laurence (AUS)"]
[Result "1-0"]
[WhiteElo "2183"]
[BlackElo "2167"]

1.Nf3 Nf6 2.c4 e6 3.d4 c5 4.d5 exd5 5.cxd5 d6 6.Nc3 g6 7.g3 Bg7 8.Bg2 O-O
9.O-O Re8 10.Nd2 a6 11.a4 Nbd7 12.h3 Rb8 13.Nc4 Nb6 14.Na3 Bd7 15.e4 Qc7 16.g4
Nc8 17.Qd3 Na7 18.a5 Qxa5 19.Bf4 Qc7 20.Nc4 Bb5 21.Nxb5 Nxb5 22.Nxd6 Nxd6
23.e5 Nd7 24.exd6 Qb6 25.Rab1 Be5 26.Be3 Qxd6 27.f4 Bg7 28.Bf2 b5 29.Bg3 c4
30.Qc2 Nc5 31.Kh2 Nb3 32.Rbe1 Nd4 33.Qf2 f5 34.Re3 Qd7 35.Re5 Nb3 36.gxf5 gxf5
37.Rfe1 Qf7 38.Qe3 Rf8 39.Re7 Qg6 40.Qa7 Bf6 41.d6 Kh8 42.Bf2 Rbd8 43.R1e6 Rg8
44.Bd5 Rg7 45.Bh4 Nd4 46.Rxg7 {#r} 1-0

[Event "Ch France (juniors) (under 18) (g)"]
[Site "masterchessopen.com - Nimes (France)"]
[Date "2012.04.15"]
[Round "2"]
[White "Ruhlmann Helene"]
[Black "Monpeurt Cyrielle (FRA)"]
[Result "0-1"]
[WhiteElo "1736"]
[BlackElo "2024"]

1.d4 Nf6 2.Nf3 c5 3.d5 e6 4.c4 exd5 5.cxd5 d6 6.Nc3 g6 7.g3 Bg7 8.Bg2 O-O
9.O-O a6 10.a4 Re8 11.Nd2 Nbd7 12.Nc4 Ne5 13.Nxe5 Rxe5 14.Bf4 Re8 15.Qc2 Rb8
16.a5 b5 17.axb6 Nh5 18.Bd2 Qxb6 19.Rfb1 f5 20.e4 fxe4 21.Bxe4 Nf6 22.Bd3 Bb7
23.Bc4 Nd7 24.Bf4 Ne5 25.Bf1 Nf3+ 26.Kh1 Nd4 27.Qd3 Re7 28.Bg2 Rbe8 29.Be4 Nb5
30.Bf3 Bc8 31.g4 Rf7 32.Bg3 Ref8 33.Kg2 Rxf3 {#R} 0-1

[Event "It (open)"]
[Site "masterchessopen.com - Bargteheide (Germany)"]
[Date "2012.05.18"]
[Round "4"]
[White "Nedic Dusan (GER)"]
[Black "Haffner Alexander (GER)"]
[Result "1-0"]
[WhiteElo "2285"]
[BlackElo "2171"]

1.d4 Nf6 2.Nf3 g6 3.c4 Bg7 4.g3 O-O 5.Bg2 c5 6.d5 d6 7.Nc3 e6 8.O-O exd5
9.cxd5 a6 10.a4 Re8 11.Nd2 Nbd7 12.Nc4 Ne5 13.Nxe5 Rxe5 14.Bf4 Re8 15.h3 b6
16.Re1 Rb8 17.Rc1 b5 18.axb5 axb5 19.b4 c4 20.e4 Qb6 21.e5 dxe5 22.Bxe5 Rxe5
23.Rxe5 Qd6 24.Re1 Qxb4 25.d6 Bf8 26.Bc6 Bxd6 27.Qd4 Bd7 28.Bxd7 Nxd7 29.Ne4
Ne5 30.Nf6+ {#r} 1-0

[Event "It (open)"]
[Site "masterchessopen.com - Albena (Bulgaria)"]
[Date "2012.05.26"]
[Round "1"]
[White "Schiendorfer Florian (SUI)"]
[Black "Xiu Deshun (CHN)"]
[Result "0-1"]
[WhiteElo "2181"]
[BlackElo "2492"]

1.d4 Nf6 2.c4 e6 3.g3 c5 4.d5 exd5 5.cxd5 d6 6.Nc3 g6 7.Bg2 Bg7 8.Nf3 O-O
9.O-O Re8 10.Nd2 a6 11.a4 Nbd7 12.Nc4 Ne5 13.Nxe5 Rxe5 14.Bf4 Re8 15.a5 Nh5
16.Bd2 Bd7 17.Bf3 b5 18.axb6 Qxb6 19.Qc2 Nf6 20.Bf4 Bf5 21.e4 Bh3 22.Rfc1 Nd7
23.Na4 Qb8 24.Bg2 Bxg2 25.Kxg2 Ne5 26.Ra3 Qb5 27.Nc3 Qd3 28.Nd1 Qd4 29.Ra4 Qd3
30.Ra3 Qxc2 31.Rxc2 f6 32.f3 Nf7 33.g4 f5 34.gxf5 gxf5 35.exf5 Re1 36.Nf2 Kh8
37.Ne4 Rg8 38.Bg3 Bd4 39.Rxa6 Ne5 40.Ra3 Rg1+ 41.Kh3 Rf8 42.f4 Nf7 43.Ra6 Rd8
44.Bh4 Rd7 45.Nxd6 Nxd6 {#R} 0-1

[Event "Ch Asia (juniors) (under 20)"]
[Site "masterchessopen.com - Tashkent (Uzbekistan)"]
[Round "2"]
[White "Vakhidov Jahongir (UZB)"]
[Black "Ismailov Mukhit (KAZ)"]
[Result "1-0"]
[WhiteElo "2396"]
[BlackElo "2133"]

1.d4 Nf6 2.c4 c5 3.d5 e6 4.Nc3 exd5 5.cxd5 d6 6.g3 g6 7.Bg2 Bg7 8.Nf3 O-O
9.O-O Re8 10.Nd2 a6 11.a4 Nbd7 12.h3 Rb8 13.Nc4 Ne5 14.Na3 Nh5 15.e4 Bd7 16.a5
Qxa5 17.g4 Nf6 18.f4 Nexg4 19.hxg4 Nxg4 20.f5 Bd4+ 21.Kh1 Nf2+ 22.Rxf2 Bxf2
23.Bg5 Qb4 24.Qe2 Bg3 25.Nc4 h6 26.Bf6 Be5 27.Nxe5 Rxe5 28.Qe3 Kh7 29.Bxe5
dxe5 30.fxg6+ fxg6 31.Rf1 {#r} 1-0

[Event "Ch World (active) (w)"]
[Site "masterchessopen.com - Batumi (Georgia)"]
[Date "2012.06.02"]
[Round "9"]
[White "Arabidze Meri (GEO)"]
[Black "Danielian Elina (ARM)"]
[Result "0-1"]
[WhiteElo "2337"]
[BlackElo "2478"]

1.d4 Nf6 2.c4 e6 3.Nf3 c5 4.d5 exd5 5.cxd5 d6 6.Nc3 g6 7.g3 a6 8.a4 Bg7 9.Bg2
O-O 10.O-O Re8 11.Nd2 Nbd7 12.Nc4 Ne5 13.Na3 Nh5 14.e4 f5 15.h3 f4 16.gxf4 Qh4
17.fxe5 Bxe5 18.Nc4 Bxh3 19.Nxe5 Rxe5 20.Qf3 Bxg2 21.Qxg2 Rf8 22.Ra3 Nf4
23.Bxf4 Rxf4 24.Ne2 Rfxe4 25.Rh3 Qg4 26.Nc3 Qxg2+ 27.Kxg2 Rb4 28.Rb1 b5
29.axb5 axb5 30.Re3 Rxe3 31.fxe3 Kg7 32.Kf3 Kf6 33.Ra1 Rxb2 34.Ra7 b4 35.Nb5
Rd2 36.Ke4 c4 37.Nxd6 c3 38.Rc7 c2 39.Ne8+ Kg5 40.d6 b3 41.d7 Rxd7 42.Rc5+ Kh4
43.Nf6 Rd1 44.Kf4 Rf1+ {#R} 0-1

[Event "Ch Germany (juniors) (under 18)"]
[Site "masterchessopen.com - Oberhof (Germany)"]
[Date "2012.06.02"]
[Round "9"]
[White "Frischmann Rick (GER)"]
[Black "Loewe Lennard (GER)"]
[Result "0-1"]
[WhiteElo "2070"]
[BlackElo "2069"]

1.d4 Nf6 2.c4 e6 3.g3 c5 4.d5 exd5 5.cxd5 d6 6.Nc3 g6 7.Bg2 a6 8.a4 Bg7 9.Nf3
O-O 10.O-O Nbd7 11.Nd2 Re8 12.h3 Nh5 13.Kh2 f5 14.Nc4 Ne5 15.Nxe5 Bxe5 16.f4
Bd4 17.Qd3 Qe7 18.e3 Bg7 19.Rb1 Bd7 20.b4 Qf6 21.Bd2 c4 22.Qe2 Qe7 23.Qxc4
Rac8 24.Qb3 Bxc3 25.Bxc3 Bxa4 26.Qa3 Bc2 27.Rbe1 Be4 28.Rf2 Bxg2 29.Rxg2 Qe4
30.Ba1 Rc2 31.Ree2 Rec8 32.Qa4 Rxe2 33.Rxe2 Rc1 34.Rg2 Nxg3 35.Kxg3 Qxe3+
36.Kh2 Qxf4+ 37.Rg3 Qf2+ 38.Rg2 Qf4+ 39.Rg3 Re1 {#R} 0-1